Quizzes
Events
Quiz Creation
Community
Videos
Private Events
Remove Ads
Sign In
Join for FREE
Feedback
Dark Mode
Quiz Categories
Sports
Geography
Music
Movies
Television
Just For Fun
Miscellaneous
History
Literature
Language
Science
Gaming
Entertainment
Religion
Holiday
For Kids
Quiz Lab
Recent
Popular Today
Quiz Kudos Today
Editor Picks
Curator Picks
Quizzes by...
Day
Popularity
Type
Ratings
Length
Year
Community
Subscriptions
Recent Discussions
Orange Saloon
Badges
Playlists
Quests
Create
Leaderboards
Showdown
Live 5
Trivia Bingo
Activity
Puzzle Library
Sporcle Events
Private Events
Virtual Trivia
Globe League
Become a Host
Pub Owners
SporcleCon
Opinionation
Our Games
Videos
Blog
Mobile Apps
Partnerships
Remove Ads and Go Orange
Feedback
Sports
Athletes
MLB
NBA
NHL
NFL
Soccer
Sports Teams
WWE
NCAA
Football
Premier League
Basketball
Baseball
Hockey
Golf
Tennis
Cricket
Rugby
Auto Racing
Olympics
World Cup
Sports
Athletes
MLB
NBA
NHL
NFL
Soccer
Sports Teams
WWE
NCAA
Football
Premier League
Basketball
Baseball
Hockey
Golf
Tennis
Cricket
Rugby
Auto Racing
Olympics
World Cup
Random Quiz
Search Sporcle
×
Quiz Lab
Quiz Lab
Sports
Numbers
Type in answers that appear in a list
Type in answers that appear in a list
Classic
Best Score? Go Orange.
2010 team usa hockey Stats
Can you name the 2010 team usa hockey players?
By
duke544
10m
23 Questions
46 Plays
46 Plays
46 Plays
Comments
Comments
Give Quiz Kudos
Give Quiz Kudos
-
- Ratings
hide this ad
Replay
Link that replays current quiz
Next Quiz
Link to next quiz in quiz playlist
You Got
0%
They Got
Avg Score
71%
Avg Friend Score
Upgrade to see
Score Distribution
Jump to the score distribution portion of the page
Score
0/23
Timer
10:00
0
Plays Today
number
player
% Correct
Number 30 Goalie
tim thomas
97.8%
Number 39 Goalie
ryan miller
93.5%
Number 29 Goalie
jonathan quick
84.8%
Number 88 Forward
patrick kane
84.8%
Number 81 Forward
phil kessel
84.8%
Number 17 Forward
ryan kesler
82.6%
Number 9 Forward
zach parise
82.6%
Number 3 Defensemen
jack johnson
80.4%
Number 6 Defensemen
erik johnson
78.3%
Number 44 Defensemen
brooks orpik
76.1%
Number 54 Ryan
bobby ryan
73.9%
Number 23 Forward
chris drury
69.6%
number
player
% Correct
Number 12 Forward
ryan malone
67.4%
Number 32 Forward
dustin brown
65.2%
Number 28 Defensemen
brian rafalski
63%
Number 24 Forward
ryan callahan
63%
Number 16 Forward
joe pavelski
63%
Number 15 Forward
jamie langenbrunner
60.9%
Number 42 Forward
david backes
58.7%
Number 20 Defensemen
ryan suter
56.5%
Number 26 Forward
paul stastny
56.5%
Number 7 Defensemen
paul martin
54.3%
Number 8 Defensemen
mike komisarek
39.1%
Quiz Playlist
Details
Report
Send in Message
Add To Playlist
Classic:
Type in answers that appear in a list
Last Updated: Feb 16, 2017
Quiz Scoreboard
CHALLENGE
Sign Up to Join the Scoreboard
Show All
Scores
Hide
Comments
May contain spoilers
Recently Published
Pick 6: Fruits
by JohnFran
Miscellaneous
15s
Click the 1999 NBA Draft
by nibperrychub
Sports
2m
Alphabetical 'K' Countries by Flag Minefield
by ylime102
Geography
3m
More to Explore
Quiz From the Vault
Featured Blog Post
15 Basketball Trivia Facts You Can Be March Mad About
hide this ad
You Might Also Like...
Tags
Hockey Quiz
Numbers Quiz
United States Quiz
2010
Player
team
Today's Top Quizzes in Sports
Browse Sports
hide this ad
Today's Top Quizzes in Numbers
Browse Numbers
Top Contributed Quizzes in Sports
1
Les joueurs à 100 buts en Ligue 1 Uber Eats
2
2022 World Cup Stars
3
Millionaire: NBA Finals Edition
4
2024 March Madness Bracket
5
Players with Multiple 50 Home Run Seasons
6
Criteria MLB: Left Handed Sluggers
7
Nickname Match: Athletes VI
8
Iconic Moments in Football - Multiple Choice
9
NFL MVPs ordered
10
NBA Championships Per City
Explore More
Trending Topics
Marvel
Disney
Harry Potter
Kpop
Anime
NBA
Crossword
Puzzle
Soccer
Song
NFL
The Office
WWE
Country
Pokémon
hide this ad
More By:
duke544
Quiz
Plays
Rating
Category
Featured
Created
2010 team usa hockey
46
3.50
Sports
Feb 17, 2011
2012 LLWS Teams
17
Sports
Aug 19, 2012
Go to Creator's Profile
Score Distribution
Quiz Creator Spotlight
duke544
Follow
Send a Message
Quizzes Created
-
Created Quiz Play Count
-
More By This Creator
Popular Quizzes Today
1
Countries of Asia Without Outlines Minefield
2
Find the US States - No Outlines Minefield
3
Pick 6: Fruits
4
Alphabetical 'K' Countries by Flag Minefield
5
The Countries of the World
6
Click the 1999 NBA Draft
7
Match the Book to the Film X
8
Find the US States
More Sports Quizzes
Top 30 Scorers for Roberto Mancini
Quiz Lab
Trending Quizzes
Donkey Kong Minefield
Multiplication Danger Zone
DC Extended Universe: Oldest to Newest
The 3rd Thing You Need to Know: Actresses
Minefield Map: North American Capitals
Recently Updated
Women's Final Four Teams by Year
bhenderson79
Presidents Quartet II
eogle
Anything But Clue(do)
eogle
Anything But Oceanian Capitals
eogle
Anything But 7
eogle
Anything But Thing
eogle
Word Ladder: February 29
pecheneg
Song Title Questions
pecheneg
Women's NCAA Tournament #1 Seeds
pecheneg
Celebrity Mug Shots
pecheneg
Trending Topics
Harry Potter
Marvel
Disney
Kpop
Anime
NBA
Crossword
Soccer
WWE
Puzzle
Pokémon
Song
Country
The Office
NFL
Your Account Isn't Verified!
In order to create a playlist on Sporcle, you need to verify the email address you used during registration. Go to your
Sporcle Settings
to finish the process.
Report this User
Report this user for behavior that violates our
Community Guidelines
.
Details:
Send Report
Go to the Sporcle.com Mobile Site →
Comments